Tajné operace CIA

Bibliographic Details
Other Authors: Pazderka, Petr (Translator)
Format: Book
Language:Czech
English
PhysicalDescription:192 s. fotogr. 25 cm
Published: Praha Svojtka & Co. 2005
ISBN:8072373900 (viaz.)
Edition:1. čes. vyd.
Series:Tajnosti století
Subjects:

MARC

LEADER 00000cam a2200000 a 4500
001 vtls008296836
003 SK-MaSNL
005 20260302074144.0
008 050909s2005 xr o f 001 0dcze
020 |a 8072373900 (viaz.) 
040 |a SNK  |b slo  |c SNK  |e AACR2 
041 1 |a cze  |h eng 
043 |a n-us--- 
044 |a xr  |c CZ 
072 7 |a 355/359  |x Vojenstvo. Obrana krajiny. Ozbrojené sily.  |2 konspekt 
080 |a 355.40  |2 2001 
080 |a 327.54  |2 2001 
080 |a (73)  |2 2001 
080 |a (048.8)  |2 2001 
130 0 |a Sekrets of the century inside the CIA  |l Česky  |9 739441 
245 0 0 |a Tajné operace CIA  |c [z anglického vydání [přeložil] Petr Pazderka] 
250 |a 1. čes. vyd. 
260 |a Praha  |b Svojtka & Co.  |c 2005 
300 |a 192 s.  |b fotogr.  |c 25 cm 
490 1 |a Tajnosti století 
610 2 7 |a Spojené štáty americké.  |b Central Intelligence Agency  |2 SNKKA 
610 2 7 |a United States  |b Central Intelligence Agency  |2 SNKKAeng  |9 739442 
650 0 7 |a spravodajské služby  |2 SNKPH  |9 3974 
650 0 7 |a špionáž  |2 SNKPH  |9 4807 
650 0 7 |a studená vojna (1945-1989)  |2 SNKPH  |9 4805 
650 0 7 |a Intelligence services  |2 SNKPHeng  |9 739443 
650 0 7 |a Cold war (1945-1989)  |2 SNKPHeng  |9 113098 
650 0 7 |a Espionage  |2 SNKPHeng  |9 323837 
651 7 |a Spojené štáty americké  |2 SNKPH  |9 18262 
651 7 |a United States of America  |2 SNKPHeng  |9 268235 
655 7 |a monografie  |2 SNKPH  |9 70139 
655 7 |a Monographs  |2 SNKPHeng  |9 120675 
700 1 |a Pazderka, Petr  |4 trl  |9 739444 
765 0 |t Sekrets of the century inside the CIA. Česky 
830 0 |a Tajnosti století  |9 739445 
919 |a 80-7237-390-0 
999 |c 1163908  |d 1165838 
952 |t snkCIA 327.84(73)  |a SNKUST  |b SNKUST  |y PREZ  |7 0  |p 17A0510444  |o snkIC 134400  |i snk2006/24341  |8 3  |g 14.90  |0 0  |1 0  |4 0  |d 2006-11-21  |l 0  |r 2025-05-28 00:00:00  |w 2026-02-24